[Event "19eme open de Louviers"]
[Site "?"]
[Date "2016.11.13"]
[Round "7"]
[White "Quevauvilliers, Philippe"]
[Black "Lehericey, Romain"]
[Result "1-0"]
[WhiteElo "1401"]
[BlackElo "1112"]
[PlyCount "77"]
[EventDate "2012.05.13"]
[SourceDate "2016.11.17"]

1. e4 c5 2. Bc4 d6 3. h3 g6 4. Nc3 Bg7 5. Nf3 Nc6 6. a3 Nf6 7. d3 O-O 8. O-O
Re8 9. Ng5 e6 10. f4 d5 11. Ba2 Nd4 12. e5 Nd7 13. Be3 Nb6 14. Bxd4 cxd4 15.
Nb5 Na4 16. Rb1 Qb6 17. Nd6 Re7 18. Kh1 f6 19. Nf3 a6 20. c3 dxc3 21. Qxa4 cxb2
22. d4 Bh6 23. g3 fxe5 24. dxe5 Bd7 25. Qd4 Qxd4 26. Nxd4 Rf8 27. Rxb2 g5 28.
f5 exf5 29. Bxd5+ Kg7 30. N6xf5+ Bxf5 31. Nxf5+ Rxf5 32. Rxf5 Rd7 33. Rxb7 Rxb7
34. Bxb7 Kg6 35. Rf6+ Kg7 36. g4 a5 37. Rf2 Kg8 38. Bd5+ Kg7 39. e6 1-0

[Event "19eme open de Louviers"]
[Site "?"]
[Date "2016.11.13"]
[Round "7"]
[White "Bat, Anu"]
[Black "Marie, Isabelle"]
[Result "0-1"]
[WhiteElo "1062"]
[BlackElo "1047"]
[PlyCount "96"]
[EventDate "2012.05.13"]
[SourceDate "2016.11.17"]

1. e4 e5 2. Nf3 Nc6 3. d4 exd4 4. Nxd4 Qf6 5. Be3 Nxd4 6. Bxd4 Qd8 7. Bc4 d6 8.
Qf3 Be6 9. Bxe6 fxe6 10. O-O e5 11. Be3 Qf6 12. Qg3 Ne7 13. Bg5 Qg6 14. Nd2 h6
15. Bxe7 Qxg3 16. hxg3 Bxe7 17. f4 Rf8 18. fxe5 Rxf1+ 19. Rxf1 dxe5 20. Rf5 Bf6
21. Nc4 Rd8 22. Nxe5 Bxe5 23. Rxe5+ Kf7 24. Rc5 c6 25. Rf5+ Kg6 26. Kf2 Rd2+
27. Kf3 Rxc2 28. Kf4 Rxb2 29. e5 Rf2+ 30. Ke4 Rxf5 31. g4 Rxe5+ 32. Kxe5 c5 33.
Kd5 b6 34. Kc4 Kg5 35. Kb5 Kxg4 36. Ka6 h5 37. Kxa7 h4 38. Kxb6 Kg3 39. a4 Kxg2
40. a5 h3 41. a6 h2 42. a7 h1=Q 43. a8=Q+ Kg1 44. Qg8 c4 45. Qxg7+ Qg2 46. Qd4+
Qf2 47. Qxf2+ Kxf2 48. Kb5 c3 0-1

[Event "19eme open de Louviers"]
[Site "?"]
[Date "2016.11.13"]
[Round "7"]
[White "Gitton, Maxence"]
[Black "Voegele, Francois-Marie"]
[Result "1-0"]
[WhiteElo "1009"]
[BlackElo "1130"]
[PlyCount "107"]
[EventDate "2012.05.13"]
[SourceDate "2016.11.17"]

1. d4 d5 2. Nf3 e6 3. g3 c5 4. dxc5 Bxc5 5. Be3 Be7 6. Bg2 Nf6 7. Nd4 Bd7 8.
O-O O-O 9. c4 dxc4 10. Bxb7 Qb6 11. Bxa8 Qxb2 12. Nd2 c3 13. Nc4 Qb4 14. Qd3
Na6 15. Rab1 Qa4 16. Bg2 Nd5 17. Nf3 Qc6 18. Bg5 Nf6 19. Bh4 Qc7 20. Ng5 g6 21.
Rb7 Qc8 22. Rxa7 Nc7 23. Nd6 Bxd6 24. Qxd6 Nfd5 25. Ne4 c2 26. Nf6+ Kg7 27.
Nxd5 exd5 28. Rxc7 Qa8 29. Bxd5 Qe8 30. Be7 Rg8 31. Qe5+ f6 32. Qxf6+ Kh6 33.
Bxg8 Bf5 34. Bf7 Qa4 35. Bf8+ Kh5 36. Qh4+ Qxh4 37. gxh4 Kxh4 38. Be7+ Kg4 39.
f3+ Kh5 40. Rc5 Kh6 41. Rxf5 gxf5 42. Rc1 Kg7 43. Rxc2 Kxf7 44. Rc5 Ke6 45. a4
h5 46. a5 h4 47. a6 f4 48. a7 Kxe7 49. a8=R h3 50. Ra6 Kd7 51. Rcc6 Ke7 52.
Ra7+ Kd8 53. Rh6 Kc8 54. Rh8# 1-0